000 00344nam a2200145Ia 4500
008 150201s2006 xx 000 0 und d
082 _a611
_bA06N
100 _aNETTER, F.H.
245 _aATLAS OF HUMAN ANATOMY
250 _a4TH
260 _bELSEVIER
_aPHILAPDELPHIA
_c2006
300 _a1-547
650 _aHUMAN ANATOMY
942 _2ddc
_cBK
_017
999 _c249
_d249